Central Library, Doon University
WEBOPAC (ONLINE PUBLIC ACCESS CATALOGUE)

Practical Microbiology (Record no. 60537)

MARC details
000 -LEADER
fixed length control field 00625nam a22002297a 4500
005 - DATE & TIME
control field 20260317155458.0
008 - FIXED-LENGTH DATA ELEMENTS--GENERAL INFORMATION
fixed length control field 260317b |||||||| |||| 00| 0 eng d
020 ## - ISBN
International Standard Book Number 9788186535721
Price 1295.00
040 ## - CATALOGING SOURCE
Original cataloging agency Doon University
041 ## - Language
Language English
082 ## - DDC NUMBER
Classification number 579
Book Number SEN
100 ## - MAIN ENTRY--PERSONAL NAME
Personal name Kumar, B. Senthil
245 ## - TITLE STATEMENT
Title Practical Microbiology
Sub Title : A Laboratory Manual
260 ## - PUBLICATION, DISTRIBUTION, ETC. (IMPRINT)
Place of publication, distribution, etc New Delhi
Name of publisher, distributor, etc Panima
Date of publication, distribution, etc 2018
300 ## - PHYSICAL DESCRIPTION
Pages 190
650 ## - Subject
Subject Biological Science
700 ## - Added Entry Personal Name
Added Entry Personal Name Zothansanga
700 ## - Added Entry Personal Name
Added Entry Personal Name Senbagam, D.
700 ## - Added Entry Personal Name
Added Entry Personal Name Kumar, N. Senthil
700 ## - Added Entry Personal Name
Added Entry Personal Name Gurusubramanian G.
942 ## - ADDED ENTRY ELEMENTS (KOHA)
Koha item type Books
100 ## - MAIN ENTRY--PERSONAL NAME
-- 26510
650 ## - Subject
-- 14046
700 ## - Added Entry Personal Name
-- 26511
700 ## - Added Entry Personal Name
-- 26512
700 ## - Added Entry Personal Name
-- 9205
700 ## - Added Entry Personal Name
-- 26513
952 ## - LOCATION AND ITEM INFORMATION (KOHA)
-- 2026-03-17
952 ## - LOCATION AND ITEM INFORMATION (KOHA)
-- 2026-03-17
952 ## - LOCATION AND ITEM INFORMATION (KOHA)
-- 2026-03-17
952 ## - LOCATION AND ITEM INFORMATION (KOHA)
-- 2026-03-17
952 ## - LOCATION AND ITEM INFORMATION (KOHA)
-- 2026-03-17
Holdings
Withdrawn status Lost status Source of classification or shelving scheme Damaged status Not for loan Location (home branch) Sublocation or collection (holding branch) Date acquired Koha full call number Accession No. Koha date last seen Koha item type Koha issues (times borrowed)
        Not For Loan Doon University Doon University 17.03.2026 579 SEN 53487 17.03.2026 Reference  
          Doon University Doon University 17.03.2026 579 SEN 53488 17.03.2026 Books  
          Doon University Doon University 17.03.2026 579 SEN 53489 17.03.2026 Books  
          Doon University Doon University 17.03.2026 579 SEN 53490 17.03.2026 Books  
          Doon University Doon University 17.03.2026 579 SEN 53491 17.03.2026 Books  
Contact : +91-135-2533126 (Library),+91-135-2533105 (Admin Office) , Email : doonlibrary@gmail.com

Powered by Koha